00996nam a2200205 i 450000100060000000300090000600500170001500700030003200800410003510000360007624502270011226000440033930000490038353000350043265000430046785200370051085600890054799900170063695201370065325824ES-MaACL20230906153335.0t|030103s1806 sp |||| | spa d1 aArejula, Juan Manuel de.92257910aBreve descripción de la fiebre amarilla padecida en Cádiz y pueblos comarcanos en 1800, en Medinasidonia en 1801, en Malaga en 1803 y en esta misma plaza y varias otras del Reyno en 1804 / cpor Juan Manuel de Arejula. aMadrid : b[s.n., c1806] (fImp. Real) a472 p., 1 plan. pleg., 6 h. pleg. ; c21 cm. aDisponible en formato digital. 4aFiebre amarilla-zAndalucía.9166273 aES-MaACLjR-1859. Olim: G-15745. uhttp://bdh-rd.bne.es/viewer.vm?id=0000092430&page=1 zBiblioteca Digital Hispánica c25824d25824 001040708Colección_digitalaATENEOMbATENEOMcDEPOd2008-01-17eSCl0oR-1859p1026637r2023-02-23 00:00:00w2023-02-23yMONANT